[Event "IECG CE.2002.0.00029 email"]
[Site "IECG email"]
[Date "2002.05.08"]
[Round "?"]
[White "Kars, Elias"]
[Black "Mori, Roberto"]
[Result "0-1"]
[WhiteElo "1200"]
[BlackElo "1234"]
[PlyCount "20"]
[EventDate "2002.05.08"]
[EventType "tourn (corr)"]
[EventRounds "6"]
[SourceTitle "Corr 2008"]
[Source "ChessBase"]
[SourceDate "2008.06.24"]
[SourceVersion "1"]
[SourceVersionDate "2008.06.24"]
[SourceQuality "1"]

1. e4 e5 2. Nf3 Nc6 3. Bc4 Nf6 4. Ng5 d5 5. exd5 Nxd5 6. Bxd5 Qxd5 7. Nc3 Qxg2 8. Qf3 Qxg5 9. d3 Nd4 10. Qd1 Qg2 0-1

[Event "IECG CE.2002.0.00029 email"]
[Site "IECG email"]
[Date "2002.05.08"]
[Round "?"]
[White "Lehnert, Ronald"]
[Black "Kars, Elias"]
[Result "1-0"]
[WhiteElo "1268"]
[BlackElo "1200"]
[PlyCount "21"]
[EventDate "2002.05.08"]
[EventType "tourn (corr)"]
[EventRounds "6"]
[SourceTitle "Corr 2008"]
[Source "ChessBase"]
[SourceDate "2008.06.24"]
[SourceVersion "1"]
[SourceVersionDate "2008.06.24"]
[SourceQuality "1"]

1. d4 d5 2. c4 dxc4 3. Nf3 Nc6 4. e4 Bg4 5. d5 Bxf3 6. gxf3 Ne5 7. Bf4 Ng6 8. Bg3 Nf6 9. Bxc4 e6 10. Qa4+ Nd7 11. Nc3 1-0